000 00550nam a2200205Ia 4500
003 OSt
005 20230518143021.0
008 210423s2013 xx 000 0 und d
020 _a978-81-7890-242-5
040 _cAL
082 _a581.0724 PRAA
_223
100 _aPRASAD (Kirti K).
_9108304
245 _aAdvanceds in plant tissue culture.
260 _aNew Delhi
_bIVY Publishing House
_c2013
300 _aix,256
_bPB
365 _b750
_cINR
650 _aBotany
_9108305
906 _aAdvanceds ; culture. ; plant ; tissue
942 _2ddc
_cBK
999 _c165106
_d165106